000 00893nam a2200229 a 4500
001 BRCA_711
005 20190320203121.0
008 890622s1987 mx-a---##b---#100-0#spa-#
020 _a9683601030
040 _aDLC
_cDLC
_dDLC
050 4 _aN6553
_b.I26 1982
245 1 0 _aIconología y sociedad
_barte colonial hispanoamericano.
260 _aMéxico
_bUNAM, Instituto de Investigaciones Estéticas
_c1987
300 _a264 p.
_bil., [180] p. de láminas
_c24 cm.
440 0 _aEstudios de arte y estética
_v26
_92343
500 _aXLIV Congreso Internacional de Americanistas (Manchester, England), 1982
500 _aContiene un artículo referente al biombo de ´las artes liberales´ de Juan Correa, colección Franz Mayer. pag. 127
504 _aIncluye referencias bibliográficas
650 1 4 _aArte colonial
_vCongresos
_zMéxico
_92344
653 0 _aArte novohispano
942 _2lcc
_cB
999 _c614
_d614